| 000 | 00846nam a2200181Ia 4500 | ||
|---|---|---|---|
| 008 | 090124s9999 xx 000 0 und d | ||
| 082 | _b132437 | ||
| 100 | _aनगर्सेकर सुरेश | ||
| 245 | _a डायबिटीस ( मधुमेह होऊ नये म्हणून कोणती काळजी घ्याल ? ) | ||
| 250 | _a1 | ||
| 260 | _c2004 | ||
| 300 | _a255 | ||
| 600 | _aनगर्सेकर सुरेश | ||
| 630 | _a डायबिटीस ( मधुमेह होऊ नये म्हणून कोणती काळजी घ्याल ? ) | ||
| 700 | _aनगर्सेकर सुरेश | ||
| 730 | _a डायबिटीस ( मधुमेह होऊ नये म्हणून कोणती काळजी घ्याल ? ) | ||
| 942 | _cBOOK | ||
| 999 |
_c178526 _d178526 |
||